Statistiken für Länder mit den meisten Haiangriffen

Klicken Sie hier um das Quiz zu spielen!

Allgemein

  • Dieses Quiz wurde 176 mal gespielt
  • Das Durchschnittsergebnis liegt bei 6 aus 9

Antwortstatistiken

LandAnschlageTodlich% Korrekt
Vereinigte Staaten321
99%
Australien201
95%
Brasilien31
82%
Neuseeland10
78%
Sud Afrika20
75%
Thailand10
41%
Agypten31
38%
Bahamas10
37%
Costa Rica10
19%

Verteilung der Resultate

Perzentil nach korrekt beantworteten Fragen

Anzahl Personen mit jedem Resultat

Ihre Resultats-Entwicklung

Sie haben dieses Quiz noch nicht gespielt